| 000 | 00398nam a2200157Ia 4500 | ||
|---|---|---|---|
| 008 | 230917s9999||||xx |||||||||||||| ||und|| | ||
| 020 | _cRS27.4 | ||
| 040 |
_e47138 _aMAIN |
||
| 041 | _aEnglish | ||
| 082 | _a822.33 S15R:S | ||
| 100 | _aRidler, Anne, ed. | ||
| 245 | 0 | _aShakespeare criticism 1919-1935 | |
| 260 |
_aLondon _bOxford University Press _c1962 |
||
| 300 | _axiv, 388 p. | ||
| 942 | _cBK | ||
| 999 |
_c159739 _d159739 |
||